Gold Coast Beaches - Statistics

General Stats
  • This quiz has been taken 43 times
  • The average score is 11 of 29
Answer Stats
Answer % Correct
Surfers Paradise
86%
Broadbeach
80%
Main Beach
77%
Miami
69%
Currumbin
66%
Kirra
66%
Palm Beach
63%
Burleigh Heads
60%
Coolangatta
60%
Mermaid Beach
51%
Tugun
51%
Tallebudgera
46%
Bilinga
37%
Burleigh North
37%
Rainbow Bay
37%
Kurrawa
34%
Greenmount
31%
Nobby Beach
23%
Northcliffe
20%
Narrowneck
14%
Currumbin Alley
11%
Palm Beach South
11%
Surfers Paradise North
11%
North Kirra
9%
Froggies
6%
South Stradbroke Island
6%
Spit North
6%
Spit South
6%
Flat Rock
3%
No matching quizzes found
Score Distribution
Percent of People with Each Score
Percentile by Number Answered
Your Score History
You have not taken this quiz